Cerita untuk berjaya (Tamil)

Bibliographic Details
Main Author: Lenin, M.
Format: Book
Published: Chennai : Penerbitan Sixth Sense , 2006
Subjects:

MARC

LEADER 00000cam a2200000 7i4500
001 0000022093
005 20080826.0
008 080725
020 |a 11111642 
090 0 0 |a 629.45   |b LEN 
100 1 |a Lenin, M. 
245 1 0 |a Cerita untuk berjaya (Tamil)   |c M.Lenin 
260 |a Chennai :   |b Penerbitan Sixth Sense ,   |c 2006 
650 0 |a Astronauts 
650 0 |a Manned space flight 
650 0 |a Success   |x Astronauts 
999 |a 0001028635   |b Book   |c Tamil Collection   |e Perbadanan Perpustakaan Awam Johor 
999 |a 0001028636   |b Book   |c Tamil Collection   |e Perbadanan Perpustakaan Awam Johor